CUNNINGHAM'S MANUAL OF PRACTICAL ANATOMY: [UPPER AND LOWER LIMBS] VOL-1 (Record no. 7841)

MARC details
000 -LEADER
fixed length control field 00488nam a22001817a 4500
005 - DATE AND TIME OF LATEST TRANSACTION
control field 20220120112816.0
008 - FIXED-LENGTH DATA ELEMENTS--GENERAL INFORMATION
fixed length control field 220120b ||||| |||| 00| 0 eng d
020 ## - INTERNATIONAL STANDARD BOOK NUMBER
ISBN 978-0-19-874939-3
041 ## - LANGUAGE CODE
Language code of text/sound track or separate title eng
082 ## - DEWEY DECIMAL CLASSIFICATION NUMBER
Classification number 611
100 ## - MAIN ENTRY--AUTHOR NAME
Personal name KOSHI, DR. RACHEL
245 ## - TITLE STATEMENT
Title CUNNINGHAM'S MANUAL OF PRACTICAL ANATOMY: [UPPER AND LOWER LIMBS] VOL-1
250 ## - EDITION STATEMENT
Edition statement 16TH. ED.
260 ## - PUBLICATION, DISTRIBUTION, ETC. (IMPRINT)
Place of publication NEW YORK
Name of publisher OXFORD UNIVERSITY PREES
Year of publication 2017
300 ## - PHYSICAL DESCRIPTION
Number of Pages 328,p
650 ## - SUBJECT ADDED ENTRY--TOPICAL TERM
Topical Term BPT
942 ## - ADDED ENTRY ELEMENTS (KOHA)
Koha item type Books
Holdings
Lost status Damaged status Collection code Home library Current library Shelving location Date acquired Source of acquisition Cost, normal purchase price Serial Enumeration / chronology Full call number Accession Number Koha item type
    Reference JRU Library JRU Library SHELF- 8 - C 20/01/2022 PURCHASE 575.00 vol-1 611 25863 Books
    PHYSIOTHERAPY JRU Library JRU Library Shelf - 24- A 20/01/2022 PURCHASE 575.00 vol-1 611 25864 Books
    PHYSIOTHERAPY JRU Library JRU Library Shelf - 24- A 20/01/2022 PURCHASE 575.00 vol-1 611 25865 Books
    PHYSIOTHERAPY JRU Library JRU Library Shelf - 24- A 20/01/2022 PURCHASE 575.00 vol-1 611 25866 Books